Central Library OPAC University of Rajshahi

Moll Flanders / (Record no. 19911)

MARC details
000 -LEADER
fixed length control field 01278nam a22003731 4500
001 - CONTROL NUMBER
control field 19911
003 - CONTROL NUMBER IDENTIFIER
rucl marc code BD-RjUL
005 - DATE AND TIME OF LATEST TRANSACTION
control field 20211209000509.0
008 - FIXED-LENGTH DATA ELEMENTS--GENERAL INFORMATION
fixed length control field 140226r19661930enk b 000 1 eng
035 ## - SYSTEM CONTROL NUMBER
System control number (BD-RjUL)19972
System control number (OCoLC)5931507
040 ## - CATALOGING SOURCE
Original cataloging agency DLC
Transcribing agency OT
Modifying agency OCoLC
-- DLC
-- BD-RjUL
Language of cataloging eng
041 ## - LANGUAGE CODE
Language code of text/sound track or separate title eng
082 ## - DEWEY DECIMAL CLASSIFICATION NUMBER
Classification number 823.5
Author mark and year DEM 1966
100 1# - MAIN ENTRY--PERSONAL NAME
Personal name Defoe, Daniel,
Dates associated with a name 1661?-1731.
9 (RLIN) 61184
245 10 - TITLE STATEMENT
Title Moll Flanders /
Statement of responsibility, etc. Daniel Defoe.
260 ## - PUBLICATION, DISTRIBUTION, ETC. (IMPRINT)
Place of publication, distribution, etc. London ;
Name of publisher, distributor, etc. J.M. Dent & Sons, ltd.;
Place of publication, distribution, etc. New York :
Name of publisher, distributor, etc. E.P. Dutton & Co., inc.,
Date of publication, distribution, etc. 1930 [1966].
300 ## - PHYSICAL DESCRIPTION
Pagination xv, 295, [8] p. ;
Size 18 cm.
490 0# - SERIES STATEMENT
Series statement Everyman's library, Fiction.
Volume/sequential designation [no. 837]
650 #0 - SUBJECT ADDED ENTRY--TOPICAL TERM
Topical term or geographic name as entry element Children of prisoners
Form subdivision Fiction.
9 (RLIN) 61185
Topical term or geographic name as entry element British
Geographic subdivision Virginia
Form subdivision Fiction.
9 (RLIN) 61186
Topical term or geographic name as entry element Women
Geographic subdivision England
Form subdivision Fiction.
9 (RLIN) 57423
Topical term or geographic name as entry element Prostitutes
Form subdivision Fiction.
9 (RLIN) 61187
Topical term or geographic name as entry element Repentance
Form subdivision Fiction.
9 (RLIN) 61188
Topical term or geographic name as entry element Criminals
Form subdivision Fiction.
9 (RLIN) 61189
651 #0 - SUBJECT ADDED ENTRY--GEOGRAPHIC NAME
Geographic name London (England)
Form subdivision Fiction.
9 (RLIN) 61190
Geographic name Virginia
Form subdivision Fiction.
9 (RLIN) 42423
942 ## - ADDED ENTRY ELEMENTS (KOHA)
Source of classification or shelving scheme Dewey Decimal Classification
Koha item type Books
Holdings
Lost status Source of classification or shelving scheme Damaged status Not for loan Collection code Permanent Location Current Location Shelving location Date acquired Source of acquisition Cost, normal purchase price Total Checkouts Full call number Date last seen Copy number Koha item type
  Dewey Decimal Classification   Not For Loan Fiction Central Library, University of Rajshahi Central Library, University of Rajshahi Reading Room 29/11/1968 Zitlinger 9.60   823.5 DEM 1966 26/02/2014 C-1 Books